Look after invested interests (Record no. 82025)
[ view plain ]
| 000 -LEADER | |
|---|---|
| fixed length control field | 00825cab a22001935a 4500 |
| 001 - CONTROL NUMBER | |
| control field | L148991 |
| 008 - FIXED-LENGTH DATA ELEMENTS--GENERAL INFORMATION | |
| fixed length control field | 091210e20091205xxk f 000 0 eng d |
| 035 ## - SYSTEM CONTROL NUMBER | |
| System control number | (Sirsi) u148991 |
| 041 0# - LANGUAGE CODE | |
| Language code of text/sound track or separate title | eng |
| 100 1# - MAIN ENTRY--PERSONAL NAME | |
| Personal name | Churchhouse, John |
| 245 00 - TITLE STATEMENT | |
| Title | Look after invested interests |
| 260 ## - PUBLICATION, DISTRIBUTION, ETC. | |
| Date of publication, distribution, etc. | 2009 |
| 490 ## - SERIES STATEMENT | |
| Series statement | Estates Gazette |
| Volume/sequential designation | (0948) 5 December 2009, 98-99(2) |
| 520 ## - SUMMARY, ETC. | |
| Summary, etc. | Valuers should use more than one method when asked to value a residential investment. Overstating valuation can be avoided if the valuer carries out a property investment analysis. Worked example illustrates how to achieve different results using four different methods for valuing a block of ten flats. |
| 590 ## - LOCAL NOTE (RLIN) | |
| Local note | KA |
| 651 #4 - SUBJECT ADDED ENTRY--GEOGRAPHIC NAME | |
| Geographic name | England |
| Chronological subdivision | 886- |
| 690 ## - LOCAL SUBJECT ADDED ENTRY--TOPICAL TERM (OCLC, RLIN) | |
| Topical term or geographic name as entry element | PROPERTY-RESIDENTIAL PROPERTY-RESIDENTIAL PROPERTY APPRAISAL AND VALUATION |
| 942 ## - ADDED ENTRY ELEMENTS (KOHA) | |
| Suppress in OPAC | 0 |
| Withdrawn status | Lost status | Source of classification or shelving scheme | Damaged status | Not for loan | Home library | Current library | Shelving location | Date acquired | Total Checkouts | Full call number | Barcode | Date last seen | Copy number | Price effective from | Koha item type |
|---|---|---|---|---|---|---|---|---|---|---|---|---|---|---|---|
| Dewey Decimal Classification | London | London | Journal article | 10/12/2009 | L148991 | 148991-1001 | 06/08/2019 | 1 | 06/08/2019 | Journal article |